| 000 | 05231cam a22019094i 4500 | ||
|---|---|---|---|
| 003 | PE-LiUPU | ||
| 005 | 20250813165451.0 | ||
| 008 | 150706s2013 sp a rb 000 0 spa d | ||
| 020 | _a8415684029 | ||
| 020 | _a9788415684022 | ||
| 035 | _a(Sirsi) a237985 | ||
| 040 |
_aPE-LiUPU _bspa _cPE-LiUPU _erda |
||
| 041 | 1 |
_aspa _heng |
|
| 049 | _aPRUA | ||
| 082 | 0 | 4 |
_a616.075 _bB53 _221 |
| 100 | 1 |
_aBickley, Lynn S., _eautor. |
|
| 245 | 1 | 0 |
_aBates Guía de exploración física e historia clínica / _cLynn s. Bickley y Peter G. Szilagyi. |
| 246 | 3 | _aGuía de exploración física e historia clínica | |
| 250 | _a11a. edición | ||
| 264 | 1 |
_aBarcelona : _bWolters Kluwer, _c2013. |
|
| 300 |
_axxv, 994 páginas : _bilustraciones ; _c28 centímetros |
||
| 336 |
_atext _2rdacontent |
||
| 337 |
_aunmediated _2rdamedia |
||
| 338 |
_avolume _2rdacarrier |
||
| 504 | _aBibliografía : Al final de cada capítulo. | ||
| 504 | _aIndice : páginas 969-994. | ||
| 505 | 0 | _aFundamentos de la valoración de la salud -- Generalidades: exploración física y anamnesis -- Razonamiento clínico, evaluación y registro de los hallazgos -- Entrevista e historia de salud -- Exploración por regiones -- Inicio de la exploración física: reconocimiento general, constantes vitales y dolor -- Conducta y estado mental -- La piel, el pelo y las uñas -- La cabeza y el cuello -- El tórax y los pulmones -- El sistema cardiovascular -- Las mamas y las axilas -- El abdomen -- El sistema vascular periférico -- Los genitales masculinos y las hernias -- Los genitales femeninos -- El ano, el recto y la próstata -- El sistema locomotor -- El sistema nervioso -- Grupos de población especiales -- Evaluación pediátrica desde la lactancia hasta la adolescencia -- La mujer embarazada -- Las personas mayores. | |
| 526 | _aP203 | ||
| 526 | _aP200 | ||
| 526 | _aSEG65 | ||
| 526 | _aSEG64 | ||
| 526 | _aSEG63 | ||
| 526 | _aSEG62 | ||
| 526 | _aSEG61 | ||
| 526 | _aSEG60 | ||
| 526 | _aSEG59 | ||
| 526 | _aSEG58 | ||
| 526 | _aSEG57 | ||
| 526 | _aSEG56 | ||
| 526 | _aSEG55 | ||
| 526 | _aSEG54 | ||
| 526 | _aSEG53 | ||
| 526 | _aSEG52 | ||
| 526 | _aSEG51 | ||
| 526 | _aSEG50 | ||
| 526 | _aSEG49 | ||
| 526 | _aSEG48 | ||
| 526 | _aSEG47 | ||
| 526 | _aSEG46 | ||
| 526 | _aSEG24 | ||
| 526 | _aSEG23 | ||
| 526 | _aSEG22 | ||
| 526 | _aSEG21 | ||
| 526 | _aSEG20 | ||
| 526 | _aSEG19 | ||
| 526 | _aSEG18 | ||
| 526 | _aSEG17 | ||
| 526 | _aSEG16 | ||
| 526 | _aSEG14 | ||
| 526 | _aSEG13 | ||
| 526 | _aSEG12 | ||
| 526 | _aSEG11 | ||
| 526 | _aSEG10 | ||
| 526 | _aSEG09 | ||
| 526 | _aSEG06 | ||
| 526 | _aSEG05 | ||
| 526 | _aSEG04 | ||
| 526 | _aSEG03 | ||
| 526 | _aSEG02 | ||
| 526 | _aSEG68 | ||
| 526 | _aSEG66 | ||
| 526 | _aSEG45 | ||
| 526 | _aSEG25 | ||
| 526 | _aSEG01 | ||
| 526 | _aP163 | ||
| 526 | _aP162 | ||
| 526 | _aP161 | ||
| 526 | _aP160 | ||
| 526 | _aP159 | ||
| 526 | _aP158 | ||
| 526 | _aP157 | ||
| 526 | _aP156 | ||
| 526 | _aP155 | ||
| 526 | _aP154 | ||
| 526 | _aP153 | ||
| 526 | _aP152 | ||
| 526 | _aP151 | ||
| 526 | _aP150 | ||
| 526 | _aP149 | ||
| 526 | _aP142 | ||
| 526 | _aP141 | ||
| 526 | _aP140 | ||
| 526 | _aP139 | ||
| 526 | _aP138 | ||
| 526 | _aP137 | ||
| 526 | _aP132 | ||
| 526 | _aP131 | ||
| 526 | _aP130 | ||
| 526 | _aP126 | ||
| 526 | _aP125 | ||
| 526 | _aP124 | ||
| 526 | _aP123 | ||
| 526 | _aP115 | ||
| 526 | _aP122 | ||
| 526 | _aP121 | ||
| 526 | _aP116 | ||
| 526 | _a P114 | ||
| 526 | _aP112 | ||
| 526 | _aP111 | ||
| 526 | _aP104 | ||
| 526 | _aP103 | ||
| 526 | _aP102 | ||
| 526 | _aP101 | ||
| 526 | _aP100 | ||
| 526 | _aP96 | ||
| 526 | _aP95 | ||
| 526 | _aP93 | ||
| 526 | _aP92 | ||
| 526 | _aP91 | ||
| 526 | _aP88 | ||
| 526 | _aP83 | ||
| 526 | _aP82 | ||
| 526 | _aP79 | ||
| 526 | _aP78 | ||
| 526 | _aP75 | ||
| 526 | _aP74 | ||
| 526 | _aP71 | ||
| 526 | _aP69 | ||
| 526 | _a P51 | ||
| 526 | _aP49 | ||
| 526 | _aP48 | ||
| 526 | _aP47 | ||
| 526 | _aP33 | ||
| 526 | _aP31 | ||
| 526 | _a P30 | ||
| 526 | _aP29 | ||
| 526 | _aP27 | ||
| 526 | _aP26 | ||
| 526 | _aP25 | ||
| 526 | _aP24 | ||
| 526 | _a P22 | ||
| 526 | _aP10 | ||
| 526 | _aP09 | ||
| 526 | _a P08 | ||
| 526 | _aP06 | ||
| 526 | _aP05 | ||
| 526 | _aP04 | ||
| 526 | _aP01 | ||
| 534 |
_pTítulo original : _tBates' guide to physical examination and history taking |
||
| 650 | 0 | 4 | _aDiagnóstico físico. |
| 650 | 0 | 4 | _aAnamnesis. |
| 650 | 0 | 4 |
_aExamen físico (Medicina) _vMétodos. |
| 650 | 0 | 4 |
_aMedicina _xHistoria _vMétodos. |
| 700 | 1 |
_aSzilagye, Peter G., _eautor. |
|
| 910 |
_ajck _bncf _cncf _d20170724 |
||
| 942 |
_2ddc _cBOOK |
||
| 949 |
_a616.075 B53 _wDEWEY _c1 _i76577 _lCCODEBUL1 _mBUL _p98.47 _r0 _sY _tBOOK _u2017-07-24 _xSALUD _PP30 _0COMPRA _o.STAFF. Colección Ciencias de la Salud |
||
| 994 |
_aC0 _bPEPRU |
||
| 596 | _a1 | ||
| 999 |
_a616.075 B53 _wDEWEY _c24691 _i76577 _d24691 _f2021-11-4 _g4 _lCCODEBUL1 _mBUL _p98.47 _q2 _r0 _sY _tBOOK _u2017-7-24 _xSALUD _PP30 _0COMPRA _o.STAFF. Colección Ciencias de la Salud |
||
| 980 |
_81 _gALBERTO SANCHEZ Responsable de Automatización |
||